Statistics for Science: Elements That Start With "S"

Click here to take the quiz!

General Stats

  • This quiz has been taken 34 times
  • The average score is 6 of 9

Answer Stats

#Answer% Correct
11sodium
90%
16sulfur
90%
34selenium
81%
14silicon
77%
21scandium
74%
38strontium
61%
47silver
58%
62samarium
42%
106seaborgium
42%

Score Distribution

Percentile by Number Answered

Percent of People with Each Score

Your Score History

You have not taken this quiz